000 00249nam a2200109Ia 4500
008 220204s9999 xx 000 0 und d
100 _aBlack, M
245 0 _aPlant growth
260 _aLondon
_bHeinemann
_c1970
700 _aEdelman, J
942 _cBK
999 _c23609
_d23609